[Event "PRO League Group Stage"]
[Site "chess.com INT"]
[Date "2018.02.28"]
[Round "8"]
[White "Chandra, Akshat"]
[Black "Becerra Rivero, Julio"]
[Result "1-0"]
[WhiteTitle "GM"]
[BlackTitle "GM"]
[WhiteElo "2510"]
[BlackElo "2531"]
[WhiteTeam "Saint Louis Arch Bishops"]
[BlackTeam "Miami Champions"]
[WhiteFideId "25006711"]
[BlackFideId "3501728"]
[EventDate "2018.01.18"]

1. e4 e5 2. Nf3 Nc6 3. Bb5 a6 4. Ba4 Nf6 5. d3 b5 6. Bb3 Be7 7. O-O d6 8. a3 O-O
9. Nc3 Bg4 10. Be3 Nd4 11. Bxd4 exd4 12. Nd5 c5 13. a4 Be6 14. Nxf6+ Bxf6 15.
Bxe6 fxe6 16. Qe2 e5 17. Ra2 Rf7 18. Rfa1 Rc8 19. axb5 axb5 20. b3 c4 21. bxc4
bxc4 22. Nd2 c3 23. Nc4 Rb8 24. g3 Rfb7 25. Ra5 Be7 26. Kg2 Bf8 27. Rd5 Rb5 28.
Qg4 Qf6 29. Rxb5 Rxb5 30. Qd7 Rb8 31. Ra6 Qf7 32. Qa4 h5 33. Ra7 Qe6 34. h4 Be7
35. Qc6 Rf8 36. Qd5 Qxd5 37. exd5 Re8 38. Kf3 Kf8 39. Ke4 g6 40. Rd7 Rb8 41.
Nxd6 Bxd6 42. Rxd6 Rb2 43. Kxe5 Rxc2 44. Kxd4 Kf7 45. f4 Rg2 46. Kxc3 Rxg3 47.
Kd4 Rg4 48. Ke5 Rxh4 49. Rd7+ Ke8 50. Rh7 Rh1 51. Ke6 Re1+ 52. Kf6 Rf1 53. Ke6
Re1+ 54. Kd6 Rf1 55. Rh8+ Kf7 56. Kc5 Rc1+ 57. Kd4 Rf1 58. d6 Ke6 59. Rh6 Rxf4+
60. Kc5 Rf5+ 61. Kc6 Rf6 62. Rh7 Ke5 63. Re7+ Kd4 64. Kc7 Rxd6 65. Kxd6 h4 66.
Ke6 Kxd3 67. Kf6 h3 68. Kg5 h2 69. Rh7 1-0

[Event "PRO League Group Stage"]
[Site "chess.com INT"]
[Date "2018.02.28"]
[Round "8"]
[White "Aleskerov, Faik"]
[Black "Nakamura, Hikaru"]
[Result "0-1"]
[BlackTitle "GM"]
[WhiteElo "2315"]
[BlackElo "2781"]
[WhiteTeam "San Jose Hackers"]
[BlackTeam "Seattle Sluggers"]
[WhiteFideId "13401262"]
[BlackFideId "2016192"]
[EventDate "2018.01.18"]

1. e4 c6 2. d4 d5 3. exd5 cxd5 4. c3 Bf5 5. Bd3 Bxd3 6. Qxd3 Nc6 7. Nf3 Qc7 8.
O-O e6 9. Re1 Bd6 10. Bg5 Nge7 11. Nbd2 Ng6 12. Nf1 O-O 13. Ng3 Rae8 14. Rad1 a6
15. Nh4 Nxh4 16. Bxh4 b5 17. Nf1 b4 18. c4 Qa5 19. Ne3 Bf4 20. cxd5 exd5 21. Nf5
b3 22. Rxe8 Rxe8 23. axb3 Re1+ 24. Rxe1 Qxe1+ 25. Qf1 Bxh2+ 0-1

[Event "PRO League Group Stage"]
[Site "chess.com INT"]
[Date "2018.02.28"]
[Round "8"]
[White "Chen, Forest"]
[Black "Patel, Advait"]
[Result "1-0"]
[BlackTitle "IM"]
[WhiteElo "2107"]
[BlackElo "2478"]
[WhiteTeam "Saint Louis Arch Bishops"]
[BlackTeam "Montclair Sopranos"]
[WhiteFideId "30908205"]
[BlackFideId "2075105"]
[EventDate "2018.01.18"]

1. d4 Nf6 2. c4 g6 3. f3 c5 4. d5 e6 5. e4 d6 6. Nc3 Bg7 7. Be3 O-O 8. Nge2 exd5
9. cxd5 Nbd7 10. Ng3 h5 11. Be2 h4 12. Nf1 Nh7 13. Nd2 f5 14. O-O Qe7 15. Qc2 f4
16. Bf2 h3 17. g4 fxg3 18. hxg3 Ne5 19. f4 Ng4 20. Bxg4 Bxg4 21. Rae1 g5 22. f5
Rab8 23. a4 b6 24. Nd1 Bh5 25. Ne3 Nf6 26. Qd3 Rbe8 27. g4 Bf7 28. Bg3 Rd8 29.
Kh2 Rfe8 30. Kxh3 Qd7 31. b3 Qc7 32. Nec4 a6 33. Nf3 b5 34. Ncd2 c4 35. bxc4
bxc4 36. Nxc4 Bh5 37. Nh2 Bf7 38. Nf3 Nh7 39. Nd4 Qd7 40. Nc6 Rc8 41. Nxd6 Rf8
42. Nxc8 Rxc8 43. Rd1 Qe8 44. e5 Kh8 45. e6 Bg8 46. Ne5 Nf6 47. Ng6+ Kh7 48. d6
Qxa4 49. d7 Rc2 50. Qf3 Bxe6 51. fxe6 1-0

[Event "PRO League Group Stage"]
[Site "chess.com INT"]
[Date "2018.02.28"]
[Round "8"]
[White "Chen, Forest"]
[Black "Erenburg, Sergey"]
[Result "1/2-1/2"]
[BlackTitle "GM"]
[WhiteElo "2107"]
[BlackElo "2564"]
[WhiteTeam "Saint Louis Arch Bishops"]
[BlackTeam "Montclair Sopranos"]
[WhiteFideId "30908205"]
[BlackFideId "2805642"]
[EventDate "2018.01.18"]

1. d4 d5 2. c4 e6 3. Nf3 c6 4. g3 dxc4 5. Bg2 b5 6. O-O Bb7 7. a4 Nd7 8. b3 cxb3
9. Qxb3 a6 10. Rd1 Ngf6 11. Ba3 Bxa3 12. Nxa3 O-O 13. Nc4 Rb8 14. Nce5 a5 15.
Nxd7 Nxd7 16. Ne5 Nxe5 17. dxe5 Qc7 18. Rd6 b4 19. Rc1 c5 20. Bxb7 Rxb7 21. Qc4
b3 22. Rdd1 b2 23. Rb1 Rfb8 24. Rd2 Qxe5 25. Rc2 Rc7 26. Qa6 h6 27. Qxa5 Rc6 28.
Rbxb2 Rxb2 29. Rxb2 Rd6 30. Qa8+ Kh7 31. Rc2 Rd1+ 32. Kg2 Rd5 33. f3 c4 34. Qc6
Rd4 35. a5 Qxa5 36. Rxc4 Rd2 37. Rc2 Rd5 38. Qc4 Qe1 39. Qe4+ g6 40. Rc7 Kg8 41.
Rc8+ Kg7 42. Rc7 Kg8 43. Rc8+ Kg7 44. Rc7 Kg8 45. Rc8+ 1/2-1/2

[Event "PRO League Group Stage"]
[Site "chess.com INT"]
[Date "2018.02.28"]
[Round "8"]
[White "Chjumachenko, Andrey"]
[Black "Wheeler, Cameron"]
[Result "1/2-1/2"]
[WhiteTitle "FM"]
[BlackTitle "IM"]
[WhiteElo "2327"]
[BlackElo "2392"]
[WhiteTeam "Seattle Sluggers"]
[BlackTeam "San Jose Hackers"]
[WhiteFideId "4119975"]
[BlackFideId "2060531"]
[EventDate "2018.01.18"]

1. d4 Nf6 2. c4 e6 3. Nf3 c5 4. d5 b5 5. dxe6 fxe6 6. Nbd2 bxc4 7. Nxc4 d5 8.
Nce5 Bd6 9. Qa4+ Bd7 10. Nxd7 Qxd7 11. Qxd7+ Nbxd7 12. g3 Ke7 13. Bh3 h6 14. Nh4
Kf7 15. f4 Ne4 16. Nf3 Rab8 17. O-O Rb6 18. b3 Rhb8 19. Bb2 g6 20. Ne5+ Bxe5 21.
fxe5+ Ke7 22. Bg2 Ng5 23. Rac1 Ra6 24. Ra1 Nf7 25. Rfc1 d4 26. e3 Nfxe5 27. exd4
Nd3 28. Rc2 Nxb2 29. Rxb2 cxd4 30. Re1 e5 31. Bd5 Rf8 32. Bc4 Raf6 33. Bb5 Rf5
34. Rbe2 Nc5 35. Rxe5+ Rxe5 36. Rxe5+ Kd6 37. Re2 Rf3 38. b4 Ne6 39. Bc4 Ng5 40.
h4 Rxg3+ 41. Kf2 Rf3+ 42. Kg2 d3 43. Rd2 Rf4 44. hxg5 Rxc4 45. Rxd3+ Ke5 46.
gxh6 Rc8 47. h7 Rh8 48. Rh3 Kf6 49. Kf3 Kg7 50. b5 Rf8+ 51. Ke4 Kh8 52. a4 g5
53. Kd5 Rf4 54. a5 g4 55. Rg3 Kxh7 56. b6 axb6 57. axb6 Rb4 58. Kc6 Kg6 59. b7
Kg5 60. Rc3 Kh4 61. Kc7 g3 62. Rxg3 Kxg3 63. b8=Q Rxb8 64. Kxb8 1/2-1/2

[Event "PRO League Group Stage"]
[Site "chess.com INT"]
[Date "2018.02.28"]
[Round "8"]
[White "Chjumachenko, Andrey"]
[Black "Naroditsky, Daniel"]
[Result "0-1"]
[WhiteTitle "FM"]
[BlackTitle "GM"]
[WhiteElo "2327"]
[BlackElo "2619"]
[WhiteTeam "Seattle Sluggers"]
[BlackTeam "San Jose Hackers"]
[WhiteFideId "4119975"]
[BlackFideId "2026961"]
[EventDate "2018.01.18"]

1. d4 Nf6 2. c4 g6 3. Nc3 Bg7 4. e4 d6 5. Be2 O-O 6. Bg5 Na6 7. Qd2 e5 8. d5 Nc5
9. f3 a5 10. O-O-O a4 11. g4 c6 12. h4 cxd5 13. Nxd5 Be6 14. Nxf6+ Bxf6 15. Bxf6
Qxf6 16. Qg5 Qxg5+ 17. hxg5 b5 18. Rd2 a3 19. Bd1 Bxc4 20. b3 Bxb3 21. Rdh2 Rfc8
22. Bxb3 Nxb3+ 23. Kd1 Rc1+ 24. Ke2 Rc2+ 25. Ke3 Rac8 26. Rxc2 Rxc2 27. axb3 Rc1
28. Rh2 Rxg1 29. b4 Ra1 30. Rd2 a2 31. Kd3 Kg7 32. f4 exf4 33. e5 dxe5 34. Rh2
Rd1+ 35. Ke4 a1=Q 0-1

[Event "PRO League Group Stage"]
[Site "chess.com INT"]
[Date "2018.02.28"]
[Round "8"]
[White "Stukopin, Andrey"]
[Black "Aghasaryan, Robert"]
[Result "1-0"]
[WhiteTitle "GM"]
[BlackTitle "GM"]
[WhiteElo "2590"]
[BlackElo "2531"]
[WhiteTeam "Rio Grande Ospreys"]
[BlackTeam "Las Vegas Desert Rats"]
[WhiteFideId "24107131"]
[BlackFideId "13302841"]
[EventDate "2018.01.18"]

1. e4 e5 2. Bc4 Nf6 3. d3 Nc6 4. Nc3 Na5 5. Qf3 Nxc4 6. dxc4 Bb4 7. Ne2 d6 8. h3
Be6 9. b3 Nd7 10. O-O O-O 11. Nd5 Bc5 12. g4 b5 13. cxb5 Bxd5 14. exd5 f5 15.
gxf5 g6 16. Qg2 Kh8 17. fxg6 Rg8 18. Bg5 Qf8 19. gxh7 Rg7 20. h4 Nf6 21. Ng3
Nxh7 22. Rae1 Qf7 23. c4 Rag8 24. Re4 Nxg5 25. hxg5 Rh7 26. Rg4 Bd4 27. Ne4 Rg6
28. Nf6 1-0

[Event "PRO League Group Stage"]
[Site "chess.com INT"]
[Date "2018.02.28"]
[Round "8"]
[White "Stukopin, Andrey"]
[Black "Niemann, Hans"]
[Result "1/2-1/2"]
[WhiteTitle "GM"]
[BlackTitle "FM"]
[WhiteElo "2590"]
[BlackElo "2348"]
[WhiteTeam "Rio Grande Ospreys"]
[BlackTeam "Las Vegas Desert Rats"]
[WhiteFideId "24107131"]
[BlackFideId "2093596"]
[EventDate "2018.01.18"]

1. e4 e6 2. d4 d5 3. Nc3 Nf6 4. Bg5 dxe4 5. Nxe4 Be7 6. Bxf6 gxf6 7. Qd2 b6 8.
g3 f5 9. Nc3 Bb7 10. d5 Bxd5 11. Nxd5 Qxd5 12. Qxd5 exd5 13. Ne2 Nd7 14. O-O-O
Nf6 15. Bh3 O-O-O 16. Bxf5+ Kb7 17. Nf4 Bc5 18. Nd3 Bd6 19. g4 Rhg8 20. h3 h6
21. b3 a5 22. a4 Ne4 23. Bxe4 dxe4 24. Nb2 Bc5 25. Rxd8 Rxd8 26. Re1 Re8 27. Re2
Ba3 28. Kb1 Bxb2 29. Kxb2 Kc6 30. Kc3 Kd5 31. Rd2+ Kc6 32. Kd4 Rd8+ 33. Ke3 Rxd2
34. Kxd2 Kd5 35. Ke3 Ke5 36. c3 c6 37. h4 b5 38. f4+ exf3 39. Kxf3 bxa4 40. bxa4
c5 41. Ke3 f6 42. c4 f5 43. g5 hxg5 44. hxg5 f4+ 45. Kf3 Kf5 46. g6 Kxg6 47.
Kxf4 Kf6 48. Ke4 Ke6 49. Kf4 Kf6 50. Ke4 Ke6 51. Kf4 Kf6 1/2-1/2

[Event "PRO League Group Stage"]
[Site "chess.com INT"]
[Date "2018.02.28"]
[Round "8"]
[White "Smirnov, Anton"]
[Black "Dreev, Aleksey"]
[Result "0-1"]
[WhiteTitle "GM"]
[BlackTitle "GM"]
[WhiteElo "2527"]
[BlackElo "2653"]
[WhiteTeam "Australia Kangaroos"]
[BlackTeam "San Diego Surfers"]
[WhiteFideId "3208923"]
[BlackFideId "4100107"]
[EventDate "2018.01.18"]

1. d4 d5 2. c4 c6 3. Nf3 Nf6 4. Nc3 e6 5. Bg5 Nbd7 6. e3 Qa5 7. Nd2 Bb4 8. Rc1
O-O 9. Be2 Bxc3 10. Rxc3 Qxa2 11. Qc1 Qa5 12. Bh4 Re8 13. O-O e5 14. Ra3 Qb4 15.
dxe5 Rxe5 16. Bg3 Re8 17. cxd5 cxd5 18. Rb3 Qe7 19. Nf3 Nc5 20. Rc3 Nfe4 21. Rc2
Nxg3 22. hxg3 b6 23. Nd4 a5 24. Rd1 Bd7 25. b3 Rac8 26. Qb2 Ne4 27. Rdc1 Rc5 28.
Bd3 Nxg3 29. Rxc5 bxc5 30. Nf3 Ne4 31. Qa3 Nxf2 32. Bxh7+ Kxh7 33. Kxf2 Qxe3+
34. Kg3 Re4 35. Qxc5 Rg4+ 36. Kh2 Qf4+ 37. Kh1 Bf5 38. Rf1 Qg3 39. Qf2 Be4 40.
Qxg3 Rxg3 41. Kh2 Rg6 42. Nh4 Rf6 43. Rd1 g5 44. Nf3 Bxf3 45. gxf3 Rxf3 46. Rxd5
Kg6 0-1

[Event "PRO League Group Stage"]
[Site "chess.com INT"]
[Date "2018.02.28"]
[Round "8"]
[White "Smirnov, Anton"]
[Black "Banik, Siddharth"]
[Result "1-0"]
[WhiteTitle "GM"]
[WhiteElo "2527"]
[BlackElo "2115"]
[WhiteTeam "Australia Kangaroos"]
[BlackTeam "San Diego Surfers"]
[WhiteFideId "3208923"]
[BlackFideId "2065843"]
[EventDate "2018.01.18"]

1. e4 e5 2. Nf3 Nc6 3. Bb5 a6 4. Bxc6 dxc6 5. O-O Bg4 6. h3 h5 7. d3 Qf6 8. Be3
g5 9. Nbd2 Bxf3 10. Qxf3 Qg7 11. Qf5 Be7 12. Nf3 f6 13. Qe6 Rd8 14. Kh1 Nh6 15.
Rad1 Nf7 16. d4 Rd6 17. Qc8+ Rd8 18. Qxb7 O-O 19. Qxc6 g4 20. Nh4 Nd6 21. Nf5
Nxf5 22. Qe6+ Qf7 23. Qxf5 Bd6 24. hxg4 hxg4 25. Qxg4+ Kh7 26. g3 Rg8 27. Qh3+
Kg7 28. Qh6# 1-0

[Event "PRO League Group Stage"]
[Site "chess.com INT"]
[Date "2018.02.28"]
[Round "8"]
[White "Bernotas, Arturs"]
[Black "Ganguly, Surya Shekhar"]
[Result "1-0"]
[WhiteTitle "FM"]
[BlackTitle "GM"]
[WhiteElo "2430"]
[BlackElo "2650"]
[WhiteTeam "Riga Magicians"]
[BlackTeam "Mumbai Movers"]
[WhiteFideId "11601426"]
[BlackFideId "5002150"]
[EventDate "2018.01.18"]

1. e4 e6 2. c4 c5 3. Nf3 Nc6 4. Be2 g5 5. h3 Bg7 6. d3 h6 7. Nc3 d6 8. Be3 Nd4
9. Qd2 Ne7 10. h4 g4 11. Nh2 h5 12. Nf1 Nec6 13. Ng3 Be5 14. Bd1 a6 15. Nce2 Qf6
16. Rb1 b5 17. a3 Nb3 18. Bxb3 Rb8 19. Bf4 bxc4 20. Bxc4 Rxb2 21. Rxb2 Bxb2 22.
Bxd6 Bxa3 23. O-O Qxh4 24. Qc3 1-0

[Event "PRO League Group Stage"]
[Site "chess.com INT"]
[Date "2018.02.28"]
[Round "8"]
[White "Bernotas, Arturs"]
[Black "Swapnil, S. Dhopade"]
[Result "1-0"]
[WhiteTitle "FM"]
[BlackTitle "GM"]
[WhiteElo "2430"]
[BlackElo "2533"]
[WhiteTeam "Riga Magicians"]
[BlackTeam "Mumbai Movers"]
[WhiteFideId "11601426"]
[BlackFideId "5019184"]
[EventDate "2018.01.18"]

1. e4 c6 2. Nc3 d5 3. d4 dxe4 4. Nxe4 Bf5 5. Ng3 Bg6 6. h4 h6 7. Nf3 Nd7 8. h5
Bh7 9. Bd3 Bxd3 10. Qxd3 e6 11. Bd2 Ngf6 12. O-O-O Be7 13. Kb1 O-O 14. Ne4 Nxe4
15. Qxe4 Nf6 16. Qe2 Qd5 17. Ne5 Qe4 18. Qxe4 Nxe4 19. Be3 Rfd8 20. g4 Rac8 21.
c3 b5 22. f3 Nf6 23. Rhg1 Nd5 24. Bc1 c5 25. dxc5 Bxc5 26. Rge1 Bd6 27. Nd3 Rc4
28. Re4 Rdc8 29. Rxc4 bxc4 30. Nf2 Kf8 31. Kc2 Ke7 32. Ne4 Be5 33. Re1 f6 34.
Be3 Nxe3+ 35. Rxe3 f5 36. gxf5 Bf4 37. Re2 exf5 38. Nc5+ Kf6 39. Ne6 Bb8 40. Nd4
Be5 41. Rg2 g5 42. hxg6 h5 43. Ne2 f4 44. b3 cxb3+ 45. axb3 h4 46. Rg4 h3 47.
Rh4 Kxg6 48. Rxh3 a5 49. Kd3 Kg5 50. Rh7 Rb8 51. Ke4 Re8 52. Kd3 Rb8 53. Kc2 Ra8
54. Rh1 a4 55. b4 a3 56. Ra1 a2 57. Kb3 Rd8 58. Kc2 Ra8 59. Nc1 Ra3 60. Ne2 Ra8
61. Kb3 Rd8 62. Rxa2 Rd3 63. Ra5 Kf6 64. Kc4 Rxf3 65. Nd4 Re3 66. Ra8 Kf7 67.
Ra7+ Kf6 68. Ra6+ Kf7 69. Kd5 Bf6 70. b5 Rxc3 71. b6 Bxd4 72. Kxd4 Rb3 73. Kc4
Rb1 74. Kc5 f3 75. Ra3 Rc1+ 76. Kd6 Rd1+ 77. Kc7 Rc1+ 78. Kd7 Rd1+ 79. Kc8 Rc1+
80. Kb8 Rf1 81. b7 f2 82. Ka8 Rb1 83. Rf3+ Ke7 84. Rxf2 Ra1+ 85. Kb8 Kd7 86.
Rd2+ Ke7 87. Rd4 Ra2 88. Kc7 Rc2+ 89. Kb6 Rb2+ 90. Kc6 Rc2+ 91. Kb5 Rb2+ 92. Rb4 1-0

[Event "PRO League Group Stage"]
[Site "chess.com INT"]
[Date "2018.02.28"]
[Round "8"]
[White "Neiksans, Arturs"]
[Black "Adhiban, Baskaran"]
[Result "0-1"]
[WhiteTitle "GM"]
[BlackTitle "GM"]
[WhiteElo "2582"]
[BlackElo "2655"]
[WhiteTeam "Riga Magicians"]
[BlackTeam "Mumbai Movers"]
[WhiteFideId "11601388"]
[BlackFideId "5018471"]
[EventDate "2018.01.18"]

1. e4 e5 2. Nf3 Nc6 3. Bb5 a6 4. Ba4 Nf6 5. O-O b5 6. Bb3 Bc5 7. c3 d6 8. d4 Bb6
9. a4 Rb8 10. axb5 axb5 11. Na3 O-O 12. Nxb5 Bg4 13. Re1 Bxf3 14. gxf3 Nh5 15.
Be3 Qf6 16. Kh1 Nf4 17. Rg1 Ne7 18. Bxf4 Qxf4 19. Rg3 Ng6 20. Bc4 Kh8 21. Qc1
Ra8 22. Rb1 Rad8 23. Qxf4 Nxf4 24. Rd1 c6 25. Na3 exd4 26. cxd4 d5 27. exd5 cxd5
28. Bb5 Rc8 29. Bf1 f5 30. Rg1 Rf6 31. Ba6 Ra8 32. Bb7 Rb8 33. Rge1 g5 34. Re7
g4 35. fxg4 fxg4 36. Rc1 Nd3 37. Rc6 Rxc6 38. Bxc6 Bxd4 39. Nb5 Bxb2 40. Nd6 Ba3
41. Re8+ Rxe8 42. Nxe8 d4 43. Kg2 Ne5 44. Be4 d3 45. Kf1 Bb4 46. Nf6 Kg7 47. Nd5
Ba5 48. Nf4 d2 49. Ke2 Nf3 50. h3 Ng1+ 51. Kd1 gxh3 52. Nd3 h2 53. Nb2 Kf6 54.
Nc4 Bb4 55. Nxd2 Ke5 0-1

[Event "PRO League Group Stage"]
[Site "chess.com INT"]
[Date "2018.02.28"]
[Round "8"]
[White "Shetty, Atulya"]
[Black "Banusz, Tamas"]
[Result "1/2-1/2"]
[WhiteTitle "IM"]
[BlackTitle "GM"]
[WhiteElo "2389"]
[BlackElo "2641"]
[WhiteTeam "Pittsburgh Pawngrabbers"]
[BlackTeam "Webster Windmills"]
[WhiteFideId "2031213"]
[BlackFideId "722413"]
[EventDate "2018.01.18"]

1. c4 e5 2. g3 Nf6 3. Bg2 Nc6 4. Nc3 Bc5 5. Nf3 O-O 6. Nxe5 Bxf2+ 7. Kxf2 Nxe5
8. d3 c5 9. Rf1 d6 10. Kg1 h6 11. Bf4 Qe7 12. Qd2 Ng6 13. Rf2 Be6 14. h3 Rad8
15. Raf1 Nh5 16. Kh2 Ngxf4 17. gxf4 f5 18. Rg1 Kh7 19. Bf3 Qh4 20. Rfg2 Rg8 21.
e3 Nf6 22. Qf2 Qxf2 23. Rxf2 d5 24. cxd5 Nxd5 25. Bxd5 Bxd5 26. e4 Bc6 27. Rg3
Rge8 28. e5 Rd4 29. Ne2 Rd7 30. Nc1 Red8 31. h4 b5 32. Nb3 c4 33. Na5 cxd3 34.
Nxc6 d2 35. Rg1 d1=Q 36. Rxd1 Rxd1 37. Nxd8 Rxd8 38. h5 g5 39. fxg5 hxg5 40.
Rxf5 Kh6 41. e6 Rd2+ 42. Kg3 Re2 43. Rxb5 Rxe6 44. Ra5 a6 45. Kg4 Re4+ 46. Kf5
Rf4+ 47. Ke5 Kxh5 48. Rxa6 Rf2 49. b4 g4 50. Ra8 g3 51. a4 Rb2 52. b5 Rb4 53.
Kd5 g2 54. Rh8+ Kg4 55. Rg8+ Kf3 56. Rxg2 Kxg2 57. Kc6 Rxa4 58. b6 Rc4+ 59. Kd6
Rb4 60. Kc7 Rxb6 61. Kxb6 1/2-1/2

[Event "PRO League Group Stage"]
[Site "chess.com INT"]
[Date "2018.02.28"]
[Round "8"]
[White "Shetty, Atulya"]
[Black "Grabinsky, Aaron"]
[Result "1/2-1/2"]
[WhiteTitle "IM"]
[WhiteElo "2389"]
[BlackElo "2359"]
[WhiteTeam "Pittsburgh Pawngrabbers"]
[BlackTeam "Webster Windmills"]
[WhiteFideId "2031213"]
[BlackFideId "2087090"]
[EventDate "2018.01.18"]

1. c4 Nf6 2. g3 c6 3. Bg2 d5 4. Nf3 Bf5 5. b3 e6 6. O-O Nbd7 7. Bb2 Be7 8. d3 h6
9. Nc3 O-O 10. Qd2 Bh7 11. Rac1 Re8 12. Rfd1 Bd6 13. e4 Qe7 14. cxd5 exd5 15.
exd5 Nxd5 16. Nxd5 cxd5 17. Nd4 Nc5 18. Qc3 Qf6 19. Nb5 Qxc3 20. Rxc3 d4 21. Rc4
Nxd3 22. Bxd4 Rad8 23. Nxd6 Rxd6 24. Bxa7 Ra6 25. Ra4 Rxa4 26. bxa4 Ra8 27. Be3
Rxa4 28. Bf1 Ra3 29. Bc1 Rc3 30. Bb2 Rc2 31. Bd4 Nb4 32. a3 Nc6 33. Be3 Bf5 34.
h3 Ra2 35. g4 Be4 36. Bc5 Ne5 37. Bg2 Nf3+ 38. Kh1 Rc2 39. Be3 Rc3 40. Ra1 Bc6
41. a4 Rb3 42. a5 g5 43. Rc1 Be4 44. Bxf3 Bxf3+ 45. Kh2 Bd5 46. Rc5 Be4 47. Rc4
Bd5 48. Rc5 Rd3 49. Rc2 Rd1 50. Rc1 Rd3 51. Rc2 Be4 52. Rc4 Bf3 53. Rc1 Ra3 54.
Rc8+ Kg7 55. Bd4+ f6 56. Rc7+ Kg6 57. Rc5 Be4 58. Be3 Ra1 59. Bc1 h5 60. gxh5+
Kxh5 61. Kg3 Rb1 62. Rc3 Kg6 63. f3 Bd5 64. h4 gxh4+ 65. Kxh4 Rb4+ 66. Kg3 Rb5
67. Ra3 Kf5 68. Be3 Rb1 69. Bd4 Rb4 70. Bb6 Bc6 71. Rc3 Kg6 72. Bc5 Rb5 73. Bb6
Rg5+ 74. Kf2 Rb5 75. Kg3 Kf5 76. Kf2 Ke6 77. Kg3 Rb4 78. Re3+ Kf5 79. Rc3 Ra4
80. Rc5+ Ke6 81. Rc3 f5 82. Kf2 Ke5 83. Re3+ Kf4 84. Bc7+ Kg5 85. f4+ Kg4 86.
Rg3+ Kh5 87. Rg5+ Kh4 88. Rxf5 Ra2+ 89. Ke3 Ra3+ 90. Kd4 Kg4 91. Rg5+ Kf3 92. f5
Ra4+ 93. Kc5 Rg4 94. Rxg4 Kxg4 95. f6 Be8 96. Kb6 Kf5 97. Bd8 Ke6 98. Kxb7 Kd7
99. a6 Bg6 100. a7 Be4+ 101. Kb8 Kxd8 102. a8=Q Bxa8 103. Kxa8 Ke8 104. f7+ Kxf7 1/2-1/2

[Event "PRO League Group Stage"]
[Site "chess.com INT"]
[Date "2018.02.28"]
[Round "8"]
[White "Thorfinnsson, Bragi"]
[Black "Harvey, Marcus R"]
[Result "0-1"]
[WhiteTitle "IM"]
[BlackTitle "FM"]
[WhiteElo "2426"]
[BlackElo "2349"]
[WhiteTeam "Reykjavik Puffins"]
[BlackTeam "London Lions"]
[WhiteFideId "2300958"]
[BlackFideId "400092"]
[EventDate "2018.01.18"]

1. d4 Nf6 2. c4 e6 3. Nc3 Bb4 4. e3 O-O 5. Bd3 d5 6. cxd5 exd5 7. Ne2 c6 8. O-O
Bg4 9. f3 Bh5 10. Nf4 Bg6 11. Nxg6 hxg6 12. a3 Ba5 13. b4 Bc7 14. Bc2 Qd6 15. f4
Re8 16. Rf3 a5 17. b5 c5 18. Na4 cxd4 19. Qxd4 Nbd7 20. Bb2 Rac8 21. Bb3 Re4 22.
Qd2 Nb6 23. Nc3 Nc4 24. Qf2 Nxb2 25. Nxe4 dxe4 26. Rh3 Nd3 27. Qh4 Nh5 28. g4
Qf6 29. Qxf6 Nxf6 30. g5 Nd7 31. Bd5 N7c5 32. Kf1 Rd8 33. Ba2 a4 34. Bc4 Nb2 35.
Be2 Nb3 36. Ra2 Rd2 37. Bg4 Nc1 38. Ra1 Nbd3 39. Rb1 Bb6 40. Bc8 Rf2+ 41. Kg1
Rxf4 42. Bxb7 Rg4+ 43. Kf1 Nb3 44. Rd1 Nbc5 45. Bc6 Rxg5 46. Rh4 Rf5+ 47. Kg2 g5
48. Bxe4 Rf2+ 49. Kg1 gxh4 50. Bxd3 Nxd3 51. Rxd3 Rb2 52. Rd5 Bxe3+ 0-1

[Event "PRO League Group Stage"]
[Site "chess.com INT"]
[Date "2018.02.28"]
[Round "8"]
[White "Thorfinnsson, Bragi"]
[Black "Porper, Edward"]
[Result "1-0"]
[WhiteTitle "IM"]
[BlackTitle "IM"]
[WhiteElo "2426"]
[BlackElo "2377"]
[WhiteTeam "Reykjavik Puffins"]
[BlackTeam "London Lions"]
[WhiteFideId "2300958"]
[BlackFideId "2801604"]
[EventDate "2018.01.18"]

1. e4 e5 2. Nf3 d6 3. d4 exd4 4. Nxd4 Nf6 5. Bd3 Be7 6. O-O O-O 7. c4 Nc6 8. Nc2
Ne5 9. Nc3 Be6 10. Ne3 Nfg4 11. Ncd5 Nxe3 12. Nxe3 Nxd3 13. Qxd3 c6 14. Bd2 Qd7
15. Rfe1 Rae8 16. Rad1 f5 17. exf5 Bxf5 18. Nxf5 Rxf5 19. Bb4 Rf6 20. Qe3 b6 21.
c5 bxc5 22. Bxc5 a6 23. Qb3+ Kf8 24. Qa3 Ra8 25. h3 Qf5 26. Bd4 Rf7 27. Rd3 c5
28. Rf3 Qd5 29. Rxf7+ Kxf7 30. Be3 Bf6 31. b3 a5 32. Qa4 Bc3 33. Qd7+ Kg8 34.
Bd4 1-0

[Event "PRO League Group Stage"]
[Site "chess.com INT"]
[Date "2018.02.28"]
[Round "8"]
[White "Banusz, Tamas"]
[Black "Liang, Awonder"]
[Result "1/2-1/2"]
[WhiteTitle "GM"]
[BlackTitle "GM"]
[WhiteElo "2641"]
[BlackElo "2572"]
[WhiteTeam "Webster Windmills"]
[BlackTeam "Pittsburgh Pawngrabbers"]
[WhiteFideId "722413"]
[BlackFideId "2056437"]
[EventDate "2018.01.18"]

1. Nf3 Nf6 2. c4 b6 3. g3 Bb7 4. Bg2 g6 5. O-O Bg7 6. d4 O-O 7. d5 Ne4 8. Qc2 f5
9. Rd1 Na6 10. Nd4 Nd6 11. a3 Qc8 12. b4 c5 13. dxc6 dxc6 14. c5 bxc5 15. bxc5
Nf7 16. Bb2 Rb8 17. Nd2 e5 18. N4b3 Qe6 19. Nc4 Ba8 20. e3 Rb5 21. Nca5 Nc7 22.
a4 Rbb8 23. h4 Nd5 24. e4 fxe4 25. Bxe4 Nh6 26. Nd2 Rxf2 27. Kxf2 Qh3 28. Nf1
Ng4+ 29. Kg1 Nde3 30. Bg2 Nxg2 31. Qxg2 Qxg2+ 32. Kxg2 Rxb2+ 33. Kf3 Nf6 34.
Rd8+ Kf7 35. Rxa8 e4+ 36. Ke3 Nd5+ 37. Kxe4 Rb4+ 38. Kf3 Bxa1 39. Rxa7+ Kf6 40.
Nxc6 Rc4 41. Ra6 Rxc5 42. Nb4+ Kg7 43. Nxd5 Rxd5 44. Ra7+ Kf6 45. Ne3 Rd3 46.
Ke4 Rd4+ 47. Kf3 h5 48. a5 Ra4 49. Ra6+ Kf7 50. Nc2 Bc3 51. Ra7+ Ke6 52. a6 Ra2
53. Ne3 Bd4 54. Ra8 Ra3 55. Re8+ Kf7 56. Re4 Ba7 57. Ke2 Rxa6 58. Nd5 Bb8 59.
Re7+ Kf8 60. Re3 Ra5 61. Nc3 Re5 62. Ne4 Ba7 63. Rf3+ Kg7 64. Kd3 Rd5+ 65. Ke2
Re5 66. Kd3 Rd5+ 67. Kc2 Rd7 68. Ng5 Bb8 69. Kc3 Be5+ 70. Kc4 Bf6 71. Ne6+ Kf7
72. Ng5+ Kg7 73. Ne6+ Kf7 74. Ng5+ Kg7 75. Ne6+ Kf7 76. Ng5+ Kg7 1/2-1/2